Environment, archaeology and landscape : papers in honour of Professor Martin Bell /
'Environment, Archaeology and Landscape' is a collection of papers dedicated to Martin Bell on his retirement as Professor of Archaeological Science at the University of Reading. Three themes outline how wetland and inland environments can be related and investigated using multi-method app...
Other Authors: , ,
Format: eBook
Language: English
Published:
Oxford :
Archaeopress Archaeology,
2021.
Subjects:
Online Access: Login to view Source
Tags: Add Tag
Call Number: CC175
| LEADER | 02118nam a2200457 i 4500 | ||
|---|---|---|---|
| 001 | EDZ0002655577 | ||
| 003 | StDuBDS | ||
| 005 | 20230412183206.0 | ||
| 006 | m|||||o||d|||||||| | ||
| 007 | cr ||||||||||| | ||
| 008 | 210907s2021 enkab fob 011|0|eng|d | ||
| 020 | |a 9781803270852 (PDF ebook) : |c No price | ||
| 040 | |a StDuBDS |b eng |c StDuBDS |e rda |e pn | ||
| 050 | 4 | |a CC175 | |
| 082 | 0 | 4 | |a 930.1 |2 23 |
| 245 | 0 | 0 | |a Environment, archaeology and landscape : |b papers in honour of Professor Martin Bell / |c edited by Catherine Barnett and Thomas Walker. |
| 264 | 1 | |a Oxford : |b Archaeopress Archaeology, |c 2021. | |
| 300 | |a 1 online resource (x, 210 pages) : |b illustrations (black and white, and colour), maps (black and white, and colour) | ||
| 336 | |a text |2 rdacontent | ||
| 336 | |a still image |2 rdacontent | ||
| 336 | |a cartographic image |2 rdacontent | ||
| 337 | |a computer |2 rdamedia | ||
| 338 | |a online resource |2 rdacarrier | ||
| 500 | |a Also issued in print: 2021. | ||
| 500 | |a "Available in both print and Open Access"--Homepage. | ||
| 504 | |a Includes bibliographical references and index. | ||
| 506 | 0 | |a Open access. | |
| 520 | 8 | |a 'Environment, Archaeology and Landscape' is a collection of papers dedicated to Martin Bell on his retirement as Professor of Archaeological Science at the University of Reading. Three themes outline how wetland and inland environments can be related and investigated using multi-method approaches. | |
| 521 | |a Specialized. | ||
| 588 | |a Description based on online resource; title from PDF title page (viewed on December 1, 2021). | ||
| 650 | 0 | |a Archaeology. | |
| 650 | 0 | |a Landscape archaeology. | |
| 650 | 0 | |a Antiquities, Prehistoric. | |
| 700 | 1 | |a Bell, Martin, |d 1953- |e honouree. | |
| 700 | 1 | |a Barnett, Catherine, |e editor. | |
| 700 | 1 | |a Walker, Thomas, |e editor. | |
| 776 | 0 | 8 | |i Print version : |z 9781803270845 |
| 856 | 4 | 0 | |3 Archaeopress |u http://library.arce.org:8087/Archaeopress/Products/9781803270845 |
| 942 | |2 lcc |c EBOOK | ||
| 952 | |0 0 |1 0 |4 0 |6 CC0175 |7 1 |9 46886 |a ARCH |b ARCH |d 2023-04-12 |l 0 |o CC175 |r 2023-04-12 00:00:00 |w 2023-04-12 |y EBOOK | ||
| 999 | |c 52544 |d 52544 | ||
